000 00787cam a22002651 4500
999 _c9854
_d9854
001 9854
003 BD-JhCC
005 20180402103310.0
008 730220s1963 nyua 000 0 eng
035 _a(BD-JhCC)9854
040 _aDLC
_cDLC
_dDLC
041 _aeng
050 0 0 _aPE1072
_b.D4 1963
082 0 0 _a420.82
_bDEN 1959
100 1 _aDean, Leonard F.
_q(Leonard Fellows),
_d1909-1999,
245 0 0 _aEssays on language and usage.
_cEdited by Leonard F. Dean and Kenneth G. Wilson.
250 _a2d ed.
260 _aNew York,
_bOxford University Press,
_c1963.
300 _a335 p.
_billus.
_c23 cm.
650 0 _aEnglish language
_xUsage.
650 0 _aLanguage and languages.
700 1 _aWilson, Kenneth George,
_d1923-
942 _2ddc
_cBK